000 01440cam a2200145 4500500
005 20260329043118.0
041 _afre
042 _adc
100 1 0 _aBarbier, Jonathan
_eauthor
700 1 0 _aMandret-Degeilh, Antoine
_eauthor
245 0 0 _aLe travail sur archives : Guide pratique
260 _bArmand Colin,
_c2018.
520 _aLe travail sur archives est l’une des techniques d’enquête essentielles dans de nombreux domaines : sciences humaines et sociales, mais aussi journalisme ou encore généalogie.En abordant toutes les facettes de ce travail, cet ouvrage donne les clés indispensables pour la consultation et l’analyse des documents d’archives. Il vise autant à former les étudiants qu’à faciliter à tous ceux, enseignants- chercheurs, professionnels divers et particuliers, l’accès à l’univers parfois complexe des archives.Cet ouvrage souhaite à la fois transmettre des rudiments d’archivistique, renseigner sur les centres et les services d’archives et donner des conseils pratiques pour exploiter le plus efficacement les documents d’archives. Attentif à présenter la grande diversité de ces documents (publics comme privés, imprimés comme manuscrits, sonores comme iconographiques, papier comme numériques), il sera pour tous un guide et un outil de référence.
856 4 1 _uhttps://shs.cairn.info/le-travail-sur-archives--9782200621056?lang=fr&redirect-ssocas=7080
999 _c1983092
_d1983092